[Event "21st Metro GM"]
[Site "Los Angeles"]
[Date "2012.08.03"]
[Round "1"]
[White "Arnold, Marc Tyler"]
[Black "Altounian, Levon"]
[Result "1-0"]
[WhiteElo "2540"]
[BlackElo "2431"]
[PlyCount "73"]
[EventDate "2012.08.03"]
[EventType "tourn"]
[EventRounds "9"]
[EventCountry "USA"]
[EventCategory "10"]
[SourceDate "2012.08.19"]

1. Nf3 e6 2. c4 b6 3. e4 Bb7 4. Nc3 Bb4 5. Qc2 Ne7 6. d4 O-O 7. Bd3 c5 8. d5 d6
9. Bd2 e5 10. O-O-O Nd7 11. g3 Bxc3 12. Bxc3 b5 13. cxb5 a6 14. b6 a5 15. Nd2
Nxb6 16. Nc4 Ba6 17. Qe2 Nxc4 18. Bxc4 Bxc4 19. Qxc4 f6 20. f4 exf4 21. gxf4
Ng6 22. Rdf1 Qc8 23. h4 Qa6 24. Qxa6 Rxa6 25. h5 Ne7 26. Rd1 h6 27. Rhg1 Ra7
28. Rd3 Kf7 29. Rdg3 Rg8 30. Kc2 a4 31. Kd3 Rb7 32. Kc4 Nc8 33. e5 Nb6+ 34. Kb5
Na8+ 35. Ka6 Rbb8 36. e6+ Kf8 37. Ka7 1-0

[Event "21st Metro GM"]
[Site "Los Angeles"]
[Date "2012.08.03"]
[Round "1"]
[White "Sevillano, Enrico"]
[Black "Kretchetov, Alexandre"]
[Result "0-1"]
[WhiteElo "2526"]
[BlackElo "2343"]
[PlyCount "140"]
[EventDate "2012.08.03"]
[EventType "tourn"]
[EventRounds "9"]
[EventCountry "USA"]
[EventCategory "10"]
[SourceDate "2012.08.19"]

1. d4 Nf6 2. c4 g6 3. Nc3 Bg7 4. e4 d6 5. Nf3 O-O 6. Be2 Bg4 7. Be3 Nfd7 8. O-O
Bxf3 9. Bxf3 Nc6 10. d5 Na5 11. Be2 Bxc3 12. bxc3 e5 13. g3 Qe7 14. Rb1 b6 15.
h4 Nc5 16. Qc2 Qd7 17. Rb2 f6 18. Bh6 Rf7 19. Kh2 Re8 20. Qb1 Na4 21. Rc2 Nc5
22. Rd2 a6 23. Be3 Nab7 24. Re1 Ree7 25. Bf1 Qa4 26. Bh6 Na5 27. Qb4 Qe8 28.
Bh3 f5 29. exf5 gxf5 30. Bg5 Rd7 31. f4 e4 32. g4 Qf8 33. gxf5 h6 34. f6 hxg5
35. fxg5 Qe8 36. Be6 Nxe6 37. Rxe4 Rde7 38. dxe6 Rxe6 39. Rxe6 Qxe6 40. Qb1
Qe5+ 41. Kg2 Nxc4 42. Qg6+ Kf8 43. Rf2 Ne3+ 44. Kf3 Nf5 45. Qh5 Qg3+ 46. Ke2
Qe3+ 47. Kd1 Qd3+ 48. Kc1 Qxc3+ 49. Rc2 Qe1+ 50. Kb2 Qxh4 51. Qxh4 Nxh4 52. Rh2
Rh7 53. g6 Rh6 54. g7+ Kf7 55. Re2 Rxf6 56. Re7+ Kg8 57. Rxc7 d5 58. Rd7 Nf5
59. Rxd5 Kxg7 60. a4 Nd6 61. Kc3 Kf7 62. a5 Ke6 63. Rh5 b5 64. Rh7 Kd5 65. Ra7
Nc4 66. Kb4 Rc6 67. Ra8 Ne5 68. Ra7 Nd3+ 69. Kb3 Nc5+ 70. Kb4 Rg6 0-1

[Event "21st Metro GM"]
[Site "Los Angeles"]
[Date "2012.08.03"]
[Round "1"]
[White "Khachiyan, Melikset"]
[Black "Bojkov, Dejan"]
[Result "1/2-1/2"]
[WhiteElo "2478"]
[BlackElo "2556"]
[PlyCount "66"]
[EventDate "2012.08.03"]
[EventType "tourn"]
[EventRounds "9"]
[EventCountry "USA"]
[EventCategory "10"]
[SourceDate "2012.08.19"]

1. c4 e5 2. Nc3 Nf6 3. g3 d5 4. cxd5 Nxd5 5. Bg2 Nb6 6. Nf3 Nc6 7. O-O Be7 8.
Rb1 a5 9. d3 O-O 10. Be3 Be6 11. Bxb6 cxb6 12. Nd2 f5 13. Qa4 Rc8 14. Rfe1 Bf6
15. Nc4 Rf7 16. Qb5 e4 17. Qxb6 Bxc4 18. Qxd8+ Nxd8 19. dxc4 Bxc3 20. bxc3 Rxc4
21. Rb5 Nc6 22. Bh3 g6 23. g4 Rxc3 24. e3 f4 25. g5 Re7 26. Kg2 Ne5 27. exf4
Nf3 28. Re3 Rc1 29. Bg4 Ne1+ 30. Kg3 Nd3 31. f3 Rg1+ 32. Kh4 Nxf4 33. Rxe4 Rf7
1/2-1/2

[Event "21st Metro GM"]
[Site "Los Angeles"]
[Date "2012.08.03"]
[Round "1"]
[White "Matikozyan, Andranik"]
[Black "Yankovsky, Roman"]
[Result "0-1"]
[WhiteElo "2400"]
[BlackElo "2468"]
[PlyCount "68"]
[EventDate "2012.08.03"]
[EventType "tourn"]
[EventRounds "9"]
[EventCountry "USA"]
[EventCategory "10"]
[SourceDate "2012.08.19"]

1. e4 c5 2. Nf3 d6 3. Nc3 a6 4. d4 cxd4 5. Nxd4 Nf6 6. Bc4 e6 7. O-O b5 8. Bb3
Be7 9. Qf3 Qb6 10. Be3 Qb7 11. Qg3 h5 12. f3 h4 13. Qf2 Nbd7 14. a3 Ne5 15.
Rad1 Bd7 16. Bg5 Qb6 17. Be3 Qc7 18. a4 b4 19. Na2 g5 20. Nxb4 g4 21. f4 g3 22.
Qe2 gxh2+ 23. Kxh2 Neg4+ 24. Kg1 h3 25. g3 Qb7 26. Nd5 exd5 27. e5 Ne4 28. Qf3
h2+ 29. Kh1 Rh3 30. e6 Rxg3 31. exd7+ Qxd7 32. Bxd5 Rxf3 33. Rxf3 Nxe3 34. Bxa8
Qg4 0-1

[Event "21st Metro GM"]
[Site "Los Angeles"]
[Date "2012.08.04"]
[Round "2"]
[White "Altounian, Levon"]
[Black "Kretchetov, Alexandre"]
[Result "1-0"]
[WhiteElo "2431"]
[BlackElo "2343"]
[PlyCount "91"]
[EventDate "2012.08.03"]
[EventType "tourn"]
[EventRounds "9"]
[EventCountry "USA"]
[EventCategory "10"]
[SourceDate "2012.08.19"]

1. e4 c5 2. Nf3 Nc6 3. c3 d5 4. exd5 Qxd5 5. d4 Bg4 6. Be2 e6 7. h3 Bh5 8. c4
Qd6 9. d5 Bxf3 10. Bxf3 Nd4 11. Nc3 Nf6 12. O-O e5 13. Bg5 Be7 14. Bxf6 Qxf6
15. Qa4+ b5 16. cxb5 Nxf3+ 17. gxf3 O-O 18. Qg4 Qh6 19. Qf5 Rad8 20. Rad1 g6
21. Qg4 f5 22. Qg2 Bd6 23. Rfe1 Rfe8 24. Re2 Qh4 25. Rde1 c4 26. a4 Qf6 27. Qg3
e4 28. Qg2 Be5 29. fxe4 f4 30. Qf3 Re7 31. Rd1 Qd6 32. Kf1 h5 33. Rc2 Rde8 34.
Ne2 Qb4 35. Qa3 Qxa3 36. bxa3 f3 37. Ng1 Bd6 38. Nxf3 Rxe4 39. Rd4 Rxd4 40.
Nxd4 Re5 41. Nc6 Rxd5 42. Nxa7 Rd3 43. Rxc4 Rxa3 44. b6 Rb3 45. Nb5 Be5 46. Re4
1-0

[Event "21st Metro GM"]
[Site "Los Angeles"]
[Date "2012.08.04"]
[Round "2"]
[White "Yankovsky, Roman"]
[Black "Khachiyan, Melikset"]
[Result "1-0"]
[WhiteElo "2468"]
[BlackElo "2478"]
[PlyCount "103"]
[EventDate "2012.08.03"]
[EventType "tourn"]
[EventRounds "9"]
[EventCountry "USA"]
[EventCategory "10"]
[SourceDate "2012.08.19"]

1. e4 e5 2. Nf3 Nc6 3. Bb5 f5 4. Qe2 fxe4 5. Qxe4 Nf6 6. Qe2 Bd6 7. d4 e4 8. c3
O-O 9. Ng5 Be7 10. Nxe4 Nxe4 11. Qxe4 d5 12. Qe2 Bd6 13. Be3 Qh4 14. h3 Bf5 15.
Nd2 a6 16. Bd3 b5 17. Nf3 Qh5 18. Bxf5 Qxf5 19. a4 bxa4 20. O-O a3 21. bxa3 Na5
22. Nd2 Qd7 23. c4 dxc4 24. Nxc4 Qb5 25. Rfc1 Nxc4 26. Qxc4+ Qxc4 27. Rxc4 Rfb8
28. a4 Kf7 29. d5 a5 30. Bc5 Bxc5 31. Rxc5 Ra7 32. Re1 Rb4 33. Rc3 Rf4 34. Rce3
c5 35. dxc6 Rc7 36. g3 Rf6 37. Re5 Rcxc6 38. Rxa5 Kg6 39. Ra7 Kh6 40. Re2 Rc1+
41. Kg2 Ra1 42. h4 g5 43. hxg5+ Kxg5 44. Ree7 h6 45. Rg7+ Kf5 46. Rgf7 Kg6 47.
Rxf6+ Kxf6 48. Ra8 Kg7 49. a5 Ra2 50. a6 Kh7 51. a7 Kg7 52. Kh3 1-0

[Event "21st Metro GM"]
[Site "Los Angeles"]
[Date "2012.08.04"]
[Round "2"]
[White "Hess, Robert"]
[Black "Matikozyan, Andranik"]
[Result "1/2-1/2"]
[WhiteElo "2624"]
[BlackElo "2400"]
[PlyCount "77"]
[EventDate "2012.08.03"]
[EventType "tourn"]
[EventRounds "9"]
[EventCountry "USA"]
[EventCategory "10"]
[SourceDate "2012.08.19"]

1. d4 Nf6 2. c4 c5 3. d5 e6 4. Nc3 exd5 5. cxd5 d6 6. Nf3 g6 7. Bf4 a6 8. Nd2
Nh5 9. Qa4+ Qd7 10. Qe4+ Kd8 11. Be3 b5 12. a4 Bb7 13. Qd3 Nf6 14. axb5 axb5
15. Rxa8 Bxa8 16. Bg5 Be7 17. Qxb5 Qxb5 18. Nxb5 Nxd5 19. Nxd6 f6 20. Nf7+ Ke8
21. Nxh8 fxg5 22. e4 Nb6 23. Bb5+ Bc6 24. Bxc6+ Nxc6 25. O-O Bf6 26. Rc1 Nd7
27. Nxg6 Bxb2 28. Rb1 Bd4 29. Nh4 gxh4 30. Kf1 Nde5 31. Rb7 c4 32. Ke2 Bc5 33.
f4 Nd4+ 34. Kd1 Nd3 35. Nxc4 Nxf4 36. g3 hxg3 37. hxg3 Nfe2 38. Rxh7 Nc3+ 39.
Kd2 1/2-1/2

[Event "21st Metro GM"]
[Site "Los Angeles"]
[Date "2012.08.04"]
[Round "3"]
[White "Sevillano, Enrico"]
[Black "Yankovsky, Roman"]
[Result "1-0"]
[WhiteElo "2526"]
[BlackElo "2468"]
[PlyCount "77"]
[EventDate "2012.08.03"]
[EventType "tourn"]
[EventRounds "9"]
[EventCountry "USA"]
[EventCategory "10"]
[SourceDate "2012.08.19"]

1. e4 c5 2. c3 Qa5 3. Nf3 e6 4. a4 Nc6 5. Na3 d5 6. d3 Nf6 7. Bf4 a6 8. Be2 Qd8
9. O-O Bd6 10. Qc1 Bxf4 11. Qxf4 O-O 12. Nc2 Qe7 13. Rfe1 e5 14. Qh4 d4 15. Na3
Be6 16. Nd2 Qd6 17. Nac4 Qc7 18. a5 Ne7 19. cxd4 Ng6 20. Qg3 cxd4 21. Rec1 Rac8
22. f3 Nh5 23. Qe1 Qe7 24. Bf1 Rc5 25. Nb6 Rb5 26. Rc2 Qg5 27. g3 Nf6 28. Ndc4
h5 29. b4 h4 30. g4 h3 31. Bxh3 Nh4 32. Rf2 Nh5 33. Kh1 Nf4 34. Bf1 g6 35. Nd6
f5 36. exf5 gxf5 37. Nxb5 fxg4 38. Nc7 Bd7 39. Nxd7 1-0

[Event "21st Metro GM"]
[Site "Los Angeles"]
[Date "2012.08.04"]
[Round "3"]
[White "Khachiyan, Melikset"]
[Black "Hess, Robert"]
[Result "1/2-1/2"]
[WhiteElo "2478"]
[BlackElo "2624"]
[PlyCount "35"]
[EventDate "2012.08.03"]
[EventType "tourn"]
[EventRounds "9"]
[EventCountry "USA"]
[EventCategory "10"]
[SourceDate "2012.08.19"]

1. e4 e5 2. Nf3 Nc6 3. Bb5 a6 4. Bxc6 dxc6 5. O-O Qd6 6. d4 exd4 7. Qxd4 Qxd4
8. Nxd4 Bd7 9. Nc3 O-O-O 10. Be3 Nf6 11. f3 Bb4 12. Nde2 Rhe8 13. Rad1 Be6 14.
a3 Bd6 15. Rfe1 Nd7 16. Nd4 Ne5 17. Nxe6 Rxe6 18. Bd4 1/2-1/2

[Event "21st Metro GM"]
[Site "Los Angeles"]
[Date "2012.08.05"]
[Round "4"]
[White "Altounian, Levon"]
[Black "Bojkov, Dejan"]
[Result "1/2-1/2"]
[WhiteElo "2431"]
[BlackElo "2556"]
[PlyCount "43"]
[EventDate "2012.08.03"]
[EventType "tourn"]
[EventRounds "9"]
[EventCountry "USA"]
[EventCategory "10"]
[SourceDate "2012.08.19"]

1. Nf3 Nf6 2. g3 g6 3. b3 Bg7 4. Bb2 O-O 5. Bg2 d6 6. d4 e5 7. dxe5 Nfd7 8. O-O
dxe5 9. e4 Nc6 10. Na3 Nc5 11. Nc4 Qe7 12. Qe2 Bg4 13. h3 Bxf3 14. Qxf3 Nd4 15.
Bxd4 exd4 16. Rad1 Rad8 17. Rfe1 Nd7 18. Qe2 Qc5 19. a4 a6 20. Nb2 b5 21. Nd3
Qc3 22. axb5 1/2-1/2

[Event "21st Metro GM"]
[Site "Los Angeles"]
[Date "2012.08.05"]
[Round "4"]
[White "Arnold, Marc Tyler"]
[Black "Khachiyan, Melikset"]
[Result "1/2-1/2"]
[WhiteElo "2540"]
[BlackElo "2478"]
[PlyCount "39"]
[EventDate "2012.08.03"]
[EventType "tourn"]
[EventRounds "9"]
[EventCountry "USA"]
[EventCategory "10"]
[SourceDate "2012.08.19"]

1. d4 d5 2. c4 c6 3. Nf3 Nf6 4. e3 g6 5. Nc3 Bg7 6. Be2 O-O 7. O-O dxc4 8. Bxc4
Bg4 9. h3 Bxf3 10. Qxf3 Nbd7 11. Rd1 e5 12. Bb3 Qe7 13. Bd2 Rfd8 14. Rac1 Nb6
15. dxe5 Qxe5 16. Be1 a6 17. g3 Nbd7 18. Ne2 Nc5 19. Bc3 Qe4 20. Qxe4 1/2-1/2

[Event "21st Metro GM"]
[Site "Los Angeles"]
[Date "2012.08.05"]
[Round "4"]
[White "Yankovsky, Roman"]
[Black "Kretchetov, Alexandre"]
[Result "1-0"]
[WhiteElo "2468"]
[BlackElo "2343"]
[PlyCount "44"]
[EventDate "2012.08.03"]
[EventType "tourn"]
[EventRounds "9"]
[EventCountry "USA"]
[EventCategory "10"]
[SourceDate "2012.08.19"]

1. e4 c5 2. Nf3 Nc6 3. d4 cxd4 4. Nxd4 Nf6 5. Nc3 e5 6. Ndb5 h6 7. Nd6+ Bxd6 8.
Qxd6 Qe7 9. Nb5 Qxd6 10. Nxd6+ Ke7 11. Nf5+ Kf8 12. b3 Nxe4 13. Ba3+ Kg8 14. f3
Nf6 15. Nd6 Kh7 16. Nxf7 Rg8 17. Nd6 Ne8 18. Bd3+ g6 19. Bc4 Rh8 20. O-O-O Nxd6
21. Rxd6 a6 22. h4 Nd8 1-0

[Event "21st Metro GM"]
[Site "Los Angeles"]
[Date "2012.08.05"]
[Round "5"]
[White "Matikozyan, Andranik"]
[Black "Altounian, Levon"]
[Result "1/2-1/2"]
[WhiteElo "2400"]
[BlackElo "2431"]
[PlyCount "88"]
[EventDate "2012.08.03"]
[EventType "tourn"]
[EventRounds "9"]
[EventCountry "USA"]
[EventCategory "10"]
[SourceDate "2012.08.19"]

1. e4 e6 2. d4 d5 3. Nc3 Nf6 4. e5 Nfd7 5. f4 c5 6. Nf3 Nc6 7. Be3 Be7 8. Qd2
O-O 9. dxc5 Nxc5 10. O-O-O b6 11. h4 Bb7 12. h5 Rc8 13. Nd4 f6 14. exf6 Bxf6
15. g3 e5 16. Nxc6 Bxc6 17. Bxc5 bxc5 18. Nxd5 exf4 19. Bc4 Kh8 20. Qh2 Bd4 21.
Nxf4 Rxf4 22. gxf4 Bxh1 23. Rxh1 Bxb2+ 24. Kxb2 Qd4+ 25. Kc1 Qxc4 26. h6 Qd4
27. hxg7+ Qxg7 28. f5 Qa1+ 29. Kd2 Qd4+ 30. Kc1 Qa1+ 31. Kd2 Rd8+ 32. Ke2 Re8+
33. Kd2 Rd8+ 34. Ke2 Qg7 35. Qh3 Re8+ 36. Kf1 Qa1+ 37. Kg2 Rg8+ 38. Kf3 Qc3+
39. Kf4 Qd2+ 40. Kf3 Qc3+ 41. Kf4 Qd4+ 42. Kf3 Qd7 43. Kf2 Rg5 44. Qc3+ Kg8
1/2-1/2

[Event "21st Metro GM"]
[Site "Los Angeles"]
[Date "2012.08.05"]
[Round "5"]
[White "Bojkov, Dejan"]
[Black "Yankovsky, Roman"]
[Result "1-0"]
[WhiteElo "2556"]
[BlackElo "2468"]
[PlyCount "55"]
[EventDate "2012.08.03"]
[EventType "tourn"]
[EventRounds "9"]
[EventCountry "USA"]
[EventCategory "10"]
[SourceDate "2012.08.19"]

1. e4 c5 2. c3 Qa5 3. g3 Nc6 4. Bg2 c4 5. Nf3 e6 6. O-O Nge7 7. Na3 b5 8. b4
Qb6 9. d3 cxd3 10. Be3 Qb7 11. Qxd3 a6 12. Nc2 Ng6 13. a4 Rb8 14. Ncd4 Nce5 15.
Nxe5 Nxe5 16. Qe2 Nc4 17. axb5 axb5 18. e5 Qc7 19. f4 Nxe3 20. Qxe3 d5 21. f5
Be7 22. f6 Bf8 23. Ra5 Bd7 24. Rfa1 gxf6 25. exf6 h5 26. Ra7 Qd8 27. Qe5 Qb6
28. R1a6 1-0

[Event "21st Metro GM"]
[Site "Los Angeles"]
[Date "2012.08.06"]
[Round "6"]
[White "Altounian, Levon"]
[Black "Yankovsky, Roman"]
[Result "1-0"]
[WhiteElo "2431"]
[BlackElo "2468"]
[PlyCount "91"]
[EventDate "2012.08.03"]
[EventType "tourn"]
[EventRounds "9"]
[EventCountry "USA"]
[EventCategory "10"]
[SourceDate "2012.08.19"]

1. e4 c5 2. c3 d6 3. d4 Nf6 4. Bd3 Qc7 5. Nf3 Bg4 6. O-O e6 7. h3 Bh5 8. Bf4
Be7 9. e5 dxe5 10. Qa4+ Nc6 11. Nxe5 Bd6 12. Na3 Bxe5 13. dxe5 Nd5 14. Nb5 Qa5
15. Nd6+ Kd7 16. Qc4 Qa6 17. Qe4 Qb6 18. Bg3 Raf8 19. Bc4 Nce7 20. Bb5+ Kc7 21.
c4 Bg6 22. Qh4 Nf5 23. Nxf5 Bxf5 24. a4 a6 25. a5 Qa7 26. Ba4 Nb4 27. Rfd1 Kb8
28. Rd7 Ka8 29. Rad1 Qb8 30. Qe7 Re8 31. Qxf7 g5 32. R1d6 Rd8 33. Rxd8 Rxd8 34.
Qe7 Rg8 35. f3 Qf8 36. Qc7 Qc8 37. Qb6 Nd3 38. Bd7 Qd8 39. Bxe6 Qxb6 40. axb6
Bxe6 41. Rxe6 Nxb2 42. Rf6 Kb8 43. e6+ Kc8 44. Rf5 Re8 45. Rxc5+ Kd8 46. Be5
1-0

[Event "21st Metro GM"]
[Site "Los Angeles"]
[Date "2012.08.06"]
[Round "6"]
[White "Arnold, Marc Tyler"]
[Black "Kretchetov, Alexandre"]
[Result "1-0"]
[WhiteElo "2540"]
[BlackElo "2343"]
[PlyCount "81"]
[EventDate "2012.08.03"]
[EventType "tourn"]
[EventRounds "9"]
[EventCountry "USA"]
[EventCategory "10"]
[SourceDate "2012.08.19"]

1. e4 e5 2. Nf3 Nc6 3. Bc4 Bc5 4. b4 Bxb4 5. c3 Bd6 6. d4 Nf6 7. O-O O-O 8.
Nbd2 h6 9. Re1 b6 10. Bb5 Re8 11. Nc4 Bf8 12. Ncxe5 Nxe5 13. dxe5 Nh7 14. Bf4
Ng5 15. Nd4 Ne6 16. Bg3 Nxd4 17. cxd4 c6 18. Ba4 b5 19. Bb3 d5 20. exd6 Bxd6
21. Qf3 Rf8 22. e5 Bb4 23. Red1 Qe8 24. Qe4 Bc3 25. Rac1 b4 26. f4 Be6 27. f5
Bxb3 28. axb3 Rd8 29. Be1 Bxe1 30. Qxe1 a5 31. f6 Qe6 32. Qg3 g6 33. Qh3 Qxh3
34. gxh3 Rd5 35. Rxc6 Rfd8 36. Kf2 g5 37. Ra6 Rxd4 38. Rxd4 Rxd4 39. Ke3 Rh4
40. Ra8+ Kh7 41. e6 1-0

[Event "21st Metro GM"]
[Site "Los Angeles"]
[Date "2012.08.06"]
[Round "7"]
[White "Yankovsky, Roman"]
[Black "Hess, Robert"]
[Result "1-0"]
[WhiteElo "2468"]
[BlackElo "2624"]
[PlyCount "115"]
[EventDate "2012.08.03"]
[EventType "tourn"]
[EventRounds "9"]
[EventCountry "USA"]
[EventCategory "10"]
[SourceDate "2012.08.19"]

1. e4 e5 2. Nf3 Nc6 3. d4 exd4 4. Bc4 d6 5. Nxd4 Nf6 6. O-O Be7 7. Nc3 O-O 8.
Re1 Nxd4 9. Qxd4 c6 10. Bf4 Bg4 11. a4 Bh5 12. Bb3 Re8 13. f3 Qa5 14. Bxd6 c5
15. Qe5 Bf8 16. Qf4 c4 17. Bxf8 cxb3 18. Ba3 bxc2 19. Qd2 Rad8 20. Qxc2 Qg5 21.
Qf2 h6 22. Bc5 Rd2 23. Be3 Rxf2 24. Bxg5 Rxb2 25. Bxf6 gxf6 26. Rab1 Rd2 27.
Rxb7 f5 28. Rxa7 Kf8 29. Ne2 fxe4 30. Nf4 Re5 31. Nxh5 Rxh5 32. Rxe4 Rg5 33.
Rg4 Rxg4 34. fxg4 Ra2 35. h3 Kg7 36. Ra6 Ra1+ 37. Kf2 Ra3 38. a5 Kg8 39. Ra8+
Kg7 40. a6 Kh7 41. Ke2 Rg3 42. Kd2 Rxg2+ 43. Kc3 Ra2 44. Kb4 Kg7 45. Kb5 Rb2+
46. Kc6 Rc2+ 47. Kb7 Rb2+ 48. Ka7 Rb3 49. Rc8 Rxh3 50. Rc5 Rb3 51. Ka8 Rb4 52.
a7 Kg6 53. Rc8 f5 54. Rb8 Ra4 55. Rb6+ Kg5 56. gxf5 h5 57. f6 h4 58. Kb7 1-0

[Event "21st Metro GM"]
[Site "Los Angeles"]
[Date "2012.08.06"]
[Round "7"]
[White "Sevillano, Enrico"]
[Black "Matikozyan, Andranik"]
[Result "1-0"]
[WhiteElo "2526"]
[BlackElo "2400"]
[PlyCount "49"]
[EventDate "2012.08.03"]
[EventType "tourn"]
[EventRounds "9"]
[EventCountry "USA"]
[EventCategory "10"]
[SourceDate "2012.08.19"]

1. e4 c5 2. c3 d6 3. d4 Nf6 4. Bd3 Nc6 5. d5 Ne5 6. Bc2 e6 7. f4 Ng6 8. dxe6
fxe6 9. Nf3 Qc7 10. O-O Bd7 11. Ng5 c4 12. Be3 Be7 13. Nd2 a6 14. Qf3 Nf8 15.
e5 Nd5 16. Bd4 Bc6 17. exd6 Bxd6 18. Qh5+ g6 19. Qg4 Rg8 20. Nxe6 Qd7 21. Rae1
Nxe6 22. Rxe6+ Kd8 23. Nxc4 Bxf4 24. Rxf4 Nxf4 25. Rd6 1-0

[Event "21st Metro GM"]
[Site "Los Angeles"]
[Date "2012.08.07"]
[Round "8"]
[White "Arnold, Marc Tyler"]
[Black "Yankovsky, Roman"]
[Result "1/2-1/2"]
[WhiteElo "2540"]
[BlackElo "2468"]
[PlyCount "67"]
[EventDate "2012.08.03"]
[EventType "tourn"]
[EventRounds "9"]
[EventCountry "USA"]
[EventCategory "10"]
[SourceDate "2012.08.19"]

1. d4 Nf6 2. Nf3 g6 3. c4 Bg7 4. Nc3 d5 5. cxd5 Nxd5 6. e4 Nxc3 7. bxc3 c5 8.
Rb1 O-O 9. Be2 cxd4 10. cxd4 Qa5+ 11. Bd2 Qxa2 12. O-O Bg4 13. Bg5 h6 14. Bh4
g5 15. Bg3 Nc6 16. d5 Rad8 17. Rxb7 Bxf3 18. Bxf3 e6 19. Qe2 Qxe2 20. Bxe2 Nd4
21. Bc4 a5 22. Rd1 a4 23. Kf1 a3 24. Ba2 exd5 25. exd5 Nf5 26. Bc7 Rd7 27. d6
Rc8 28. Rb3 Bf8 29. Rbd3 Nxd6 30. Bxd6 Rxd6 31. Rxd6 Bxd6 32. Rxd6 Rc2 33. Bb3
a2 34. Bxa2 1/2-1/2

[Event "21st Metro GM"]
[Site "Los Angeles"]
[Date "2012.08.07"]
[Round "8"]
[White "Khachiyan, Melikset"]
[Black "Sevillano, Enrico"]
[Result "0-1"]
[WhiteElo "2478"]
[BlackElo "2526"]
[PlyCount "82"]
[EventDate "2012.08.03"]
[EventType "tourn"]
[EventRounds "9"]
[EventCountry "USA"]
[EventCategory "10"]
[SourceDate "2012.08.19"]

1. e4 e6 2. d4 d5 3. Nc3 Bb4 4. e5 c5 5. a3 Bxc3+ 6. bxc3 Ne7 7. Qg4 Qc7 8.
Qxg7 Rg8 9. Qxh7 cxd4 10. Ne2 Nbc6 11. f4 Bd7 12. Qd3 dxc3 13. Nxc3 a6 14. Rb1
Na5 15. h4 Nf5 16. Rh3 O-O-O 17. h5 Nc4 18. Rb4 Kb8 19. h6 a5 20. Rb1 Rg6 21.
Ne4 Rxh6 22. Rxh6 Nxh6 23. Nf6 Ba4 24. Qc3 Rh8 25. Bd3 Qc5 26. Bxc4 Nf5 27.
Rxb7+ Kxb7 28. Bxd5+ Kb6 29. Qxc5+ Kxc5 30. Be4 Rh1+ 31. Kd2 Ng3 32. Bd3 Rg1
33. Ne4+ Nxe4+ 34. Bxe4 Bc6 35. Bd3 Bxg2 36. Bb2 Bf1 37. Be4 Bh3 38. Bc3 Bf5
39. Bb7 Rg3 40. Bxa5 Rxa3 41. Bc7 Ra2 0-1

[Event "21st Metro GM"]
[Site "Los Angeles"]
[Date "2012.08.07"]
[Round "8"]
[White "Altounian, Levon"]
[Black "Hess, Robert"]
[Result "1/2-1/2"]
[WhiteElo "2431"]
[BlackElo "2624"]
[PlyCount "78"]
[EventDate "2012.08.03"]
[EventType "tourn"]
[EventRounds "9"]
[EventCountry "USA"]
[EventCategory "10"]
[SourceDate "2012.08.19"]

1. e4 e5 2. Nf3 Nc6 3. d4 exd4 4. Bc4 Nf6 5. e5 d5 6. Bb5 Ne4 7. Nxd4 Bd7 8.
Bxc6 bxc6 9. O-O Bc5 10. Be3 Qe7 11. Re1 O-O 12. f3 Ng5 13. f4 Ne6 14. c3 Bb6
15. a4 Nxd4 16. Bxd4 Rfb8 17. b4 a5 18. bxa5 Bxa5 19. Qf3 Bf5 20. Qe3 Rb2 21.
Nd2 Rab8 22. h3 h5 23. Re2 Rc2 24. Nf3 c5 25. Rxc2 cxd4 26. Nxd4 Bxc2 27. Nc6
Qe6 28. Nxa5 Rb2 29. Rf1 Qa6 30. Qc5 Be4 31. Rf2 Rb1+ 32. Kh2 h4 33. Qxc7 Kh7
34. Qxf7 Qxa5 35. f5 Qxc3 36. Qg6+ Kg8 37. Qe8+ Kh7 38. Qh5+ Kg8 39. Qe8+ Kh7
1/2-1/2

[Event "21st Metro GM"]
[Site "Los Angeles"]
[Date "2012.08.07"]
[Round "8"]
[White "Matikozyan, Andranik"]
[Black "Kretchetov, Alexandre"]
[Result "1-0"]
[WhiteElo "2400"]
[BlackElo "2343"]
[PlyCount "163"]
[EventDate "2012.08.03"]
[EventType "tourn"]
[EventRounds "9"]
[EventCountry "USA"]
[EventCategory "10"]
[SourceDate "2012.08.19"]

1. e4 e5 2. Nf3 Nc6 3. Bb5 a6 4. Ba4 g6 5. O-O Bg7 6. c3 d6 7. Bxc6+ bxc6 8. d4
exd4 9. cxd4 Ne7 10. Nc3 O-O 11. h3 h6 12. Re1 Rb8 13. b3 c5 14. Qd2 Nc6 15. d5
Ne5 16. Nxe5 Bxe5 17. Bb2 Qh4 18. Na4 f6 19. Bc3 Bd7 20. Nb2 Rbe8 21. Bxe5 fxe5
22. Qe3 Rf7 23. Qg3 Qh5 24. Re3 Ref8 25. Rc1 Bc8 26. f3 g5 27. Nd3 Qg6 28. Nf2
h5 29. Rc2 Rg7 30. Rec3 Rff7 31. Kf1 g4 32. hxg4 hxg4 33. Ke1 gxf3 34. Qxg6
Rxg6 35. gxf3 Rg3 36. b4 cxb4 37. Rxc7 Bd7 38. Rb7 Rgxf3 39. Rxb4 Rg3 40. a4
Rg1+ 41. Ke2 Rg2 42. Ke3 Rg3+ 43. Ke2 Ra3 44. Nd1 Bxa4 45. Rc8+ Kg7 46. Nc3 Bd7
47. Rcc4 Ra1 48. Kd3 Rf3+ 49. Kc2 Rf2+ 50. Kb3 Bg4 51. Rc7+ Kg6 52. Rb6 Rf6 53.
Rcc6 a5 54. Rxd6 Rxd6 55. Rxd6+ Kf7 56. Ra6 Ke7 57. Kb2 Re1 58. Rxa5 Bf3 59.
Kc2 Rh1 60. Ra7+ Kd6 61. Ra6+ Kc5 62. Kd3 Rh3 63. Rc6+ Kb4 64. Rb6+ Ka5 65. Rb8
Bg2+ 66. Kc2 Rh4 67. d6 Bh3 68. Rb5+ Ka6 69. Rxe5 Kb6 70. Re7 Kc6 71. e5 Bd7
72. Kb3 Rg4 73. Nb5 Re4 74. Na7+ Kd5 75. Rxd7 Rxe5 76. Nc8 Re8 77. Rc7 Rd8 78.
Kb4 Rh8 79. d7 Ke6 80. Nb6 Rd8 81. Rc8 Ke7 82. Kc5 1-0

[Event "21st Metro GM"]
[Site "Los Angeles"]
[Date "2012.08.07"]
[Round "9"]
[White "Bojkov, Dejan"]
[Black "Matikozyan, Andranik"]
[Result "1-0"]
[WhiteElo "2556"]
[BlackElo "2400"]
[PlyCount "79"]
[EventDate "2012.08.03"]
[EventType "tourn"]
[EventRounds "9"]
[EventCountry "USA"]
[EventCategory "10"]
[SourceDate "2012.08.19"]

1. e4 c5 2. Nf3 d6 3. Bb5+ Nd7 4. d4 cxd4 5. Qxd4 Ngf6 6. Nc3 e5 7. Qd3 h6 8.
Be3 a6 9. Bc4 Be7 10. a4 Nb6 11. Bxb6 Qxb6 12. O-O O-O 13. Nd5 Nxd5 14. Bxd5
Be6 15. a5 Qc7 16. c3 Rac8 17. Rfd1 Qb8 18. Nd2 Bxd5 19. Qxd5 Rc5 20. Qd3 Qc7
21. Nb3 Rc6 22. Ra2 Rd8 23. Qe2 g6 24. Rd5 Bg5 25. Ra1 b5 26. axb6 Rxb6 27. Na5
Rdb8 28. Nc4 Rc6 29. Ra4 Rb5 30. Rd1 Rbc5 31. b3 Rb5 32. g3 h5 33. h4 Bh6 34.
Rda1 Rcc5 35. Rxa6 Rxb3 36. Ra7 Qd8 37. Qa2 Rxc3 38. Nxd6 Rc1+ 39. Rxc1 Rxc1+
40. Kg2 1-0

[Event "21st Metro GM"]
[Site "Los Angeles"]
[Date "2012.08.07"]
[Round "9"]
[White "Sevillano, Enrico"]
[Black "Altounian, Levon"]
[Result "1-0"]
[WhiteElo "2526"]
[BlackElo "2431"]
[PlyCount "89"]
[EventDate "2012.08.03"]
[EventType "tourn"]
[EventRounds "9"]
[EventCountry "USA"]
[EventCategory "10"]
[SourceDate "2012.08.19"]

1. e4 e5 2. Nf3 Nc6 3. Bb5 Nf6 4. d3 d6 5. c3 Bd7 6. O-O Be7 7. Re1 a6 8. Ba4
O-O 9. Nbd2 Re8 10. Nf1 Bf8 11. Ng3 h6 12. h3 b5 13. Bc2 Ne7 14. d4 Ng6 15. Be3
c6 16. Qd2 Qc7 17. a4 a5 18. Red1 Be6 19. Rdc1 Rab8 20. b4 axb4 21. cxb4 Bc4
22. axb5 cxb5 23. d5 Ra8 24. Rxa8 Rxa8 25. Bd3 Nd7 26. Bxc4 bxc4 27. Qc3 Nb6
28. Nd2 Rc8 29. b5 Be7 30. Qa5 c3 31. Nb1 Bd8 32. Rxc3 Qb8 33. Rxc8 Qxc8 34.
Bxb6 Qc1+ 35. Kh2 Bxb6 36. Qxb6 Qxb1 37. Qc6 h5 38. Qe8+ Nf8 39. Nf5 Qxe4 40.
Qxf7+ Kxf7 41. Nxd6+ Ke7 42. Nxe4 Nd7 43. Kg3 Nb6 44. d6+ Ke6 45. Kh4 1-0